000 00713nam a2200289Ia 4500
005 20260324121018.0
008 008 260324s9999 xx 000 0 eng d
020 _a9781315773889
037 _aEBOOK
040 _aCRL
040 _beng
040 _cCRL
041 _2eng
041 _aeng
084 _qCRL
100 _aFranklin Obeng-Odoom
_91160846
245 0 _aOiling the Urban Economy
245 0 _bLand, Labour, Capital, and the State in Sekondi-Takoradi, Ghana
260 _bTaylor and Francis
260 _c2014
365 _a
365 _b340
856 _uhttp://www.taylorfrancis.com/books/9781315773889
942 _cEBOOK
999 _c1752683
_d1752683